000 00458nam a2200181Ia 4500
001 44489
008 140428s9999 xx 000 0 und d
020 _aNA
040 _cPK-LaUMT
082 _aRHC 891.4394
_bAAM-A
100 _aAamna Siddiqi
245 _aAfkaar-e-Abdul Haque (Urdu)
_cAamna Siddiqi
260 _aKarachi,Pakistan:
_bUrdu Academy Sind,
_c1962
300 _a344 p.
546 _aUR
650 _aPakistani literature-Urdu
942 _cBK
999 _c42482
_d42482